000 03154nam a22004815i 4500
001 ssj0002288144
003 WaSeSS
005 20220428113401.0
006 m d
007 cr n
008 200306s2020 xxu| o |||| 0|eng d
020 _a9781484256459
024 7 _a10.1007/978-1-4842-5645-9
_2doi
040 _dWaSeSS
_cAIMIT LIBRARY
050 4 _aQA76.73.J38
072 7 _aUMX
_2bicssc
072 7 _aCOM051280
_2bisacsh
072 7 _aUMX
_2thema
082 0 4 _a006.671
_22
_bKARP
092 _aEBOOK
100 1 _aKarunakaran, Prem Kumar.
_932609
245 1 0 _aIntroducing pay framework :
_bjava web application development /
_cBy Prem Kumar Karunakaran.
250 _a2nd ed.
260 _aNew York :
_bApress ;
_c2020.
300 _axvi ,192p. ;
_c23 cm.
347 _atext file
_bPDF
_2rda
505 0 _aChapter 1. Getting started with Play 2 -- Chapter 2: Build System -- Chapter 3: Play Controllers and HTTP Routing -- Chapter 4: Play Views and Templating with Scala -- Chapter 5: Concurrency and Asynchronous programming -- Chapter 6: Web Services, Json and XML -- Chapter 7: Accessing Databases -- Chapter 8: Complete Example -- Chapter 9: Using Play modules -- Chapter 10: Application Settings & Error handling -- Chapter 11: Working with Cache -- Chapter 12: Production Deployment.
506 _aRequires an SPL library card.
520 _aEnter the world of rapid web application development. This gentle introduction to Play covers all you need to know: it carefully introduces the background concepts before diving into examples, making learning Play 2 enjoyable (it includes the latest Play framework version 2.7). Introducing Play Framework is crisp, up-to-the-point, and full of valuable information. You will find chapters covering the basics of Play, the sbt build system, the Ebean ORM, web services using Play, production deployment, cache, and more with actual pragmatic code snippets for common tasks. After reading and using this book, you'll be able to build and deploy Java-based web applications with the Play framework. You will: Use the Play framework to do rapid Java-based web application development Work with Play controllers and Play views Create web services using JSON and XML Persist data and access databases Use Play modules Carry out asynch programming Cache, deploy, and work with code snippets in Play.
538 _aMode of access: World Wide Web.
650 0 _aBuild system
_932610
650 0 _aAccessing databases
_932611
650 0 _aworking with cache
_932612
655 7 _aElectronic books.
_2local
_932613
710 2 _aO'Reilly (Firm)
_932614
773 0 _tSpringer eBooks
776 0 8 _iPrinted edition:
_z9781484256442
776 0 8 _iPrinted edition:
_z9781484256466
856 4 0 _yView this electronic item in O'Reilly Online Learning: Academic/Public Library Edition.
_uhttps://ezproxy.spl.org/login?url=https://learning.oreilly.com/library/view/~/9781484256459/?ar
_zAn e-book available through full-text database.
942 _2ddc
_cBK
_e2nd
_k006.671 KARP
999 _c222694
_d222694
999 _b03652873